000 00813nam a2200289Ia 4500
005 20260324112126.0
008 008 260324s9999 xx 000 0 eng d
020 _a9781003519515
037 _aEBOOK
040 _aCRL
040 _beng
040 _cCRL
041 _2eng
041 _aeng
084 _qCRL
100 _aDavid Díaz Arias; Christine Hatzky; Werner Mackenbach; Joachim Michael; Sebastián Martínez Fernández; Hinnerk Onken
_91141399
245 0 _aPeace in Latin America
245 0 _bShifting Paradigms in the Studies of Culture, Society and Politics
260 _bTaylor and Francis
260 _c2024
365 _a
365 _b220
856 _uhttp://www.taylorfrancis.com/books/9781003519515
942 _cEBOOK
999 _c1730485
_d1730485